Name A Valid Bordering Country - Statistics

General Stats
  • This quiz has been taken 558 times
  • The average score is 15 of 15
Answer Stats
Country Neighbours % Correct
South Korea North Korea
100%
Peru Ecuador | Bolivia | Chile | Brazil | Colombia
99%
Italy San Marino | Vatican City | Switzerland | Austria | France | Slovenia
99%
South Sudan Sudan | Ethiopia | Uganda | Central Africa Republic | Democratic Republic of the Congo
99%
Saudi Arabia Yemen | Oman | United Arab Emirates | Qatar | Kuwait | Iraq | Jordan
99%
Zimbabwe Botswana | Mozambique | South Africa | Zambia
98%
Kyrgyzstan Kazakhstan | China | Tajikistan | Uzbekistan
98%
Indonesia Malaysia | East Timor | Papua New Guinea
98%
Costa Rica Nicaragua | Panama
98%
Guyana Suriname | Venezuela | Brazil
98%
Greece Albania | North Macedonia | Bulgaria | Turkey
97%
Thailand Laos | Cambodia | Myanmar | Malaysia
97%
Haiti Dominican Republic
94%
Moldova Ukraine | Romania
94%
Guinea Sierra Leone | Liberia | Mali | Guinea-Bissau | Senegal | Ivory Coast
93%
No matching quizzes found
Score Distribution
Percent of People with Each Score
Percentile by Number Answered
Your Score History
You have not taken this quiz